000
00286nam a22001217a 4500
008
170330b xxu||||| |||| 00| 0 eng d
041
_a
eng
080
_2
19 ED
_a
616-053.2
100
_a
8
101
_a
SHM
245
_a
PEDIATRICS DIAGNOSIS TREATMENT CURRENT
_c
HAY.W.W
942
_2
udc
_c
BK
999
_c
9089
_d
9089